00443nam a2200157 a 450000100100000000500170001000800410002704000250006808200160009311000270010924000170013624500380015325000160019126000560020730000220026300003273220200930065812.0100222s1924 dr 001 0 spa d aDO-SdBNPbspacBNPHU axxxxbR426l1 aRepública Dominicana13a[Leyes etc.]10aLey sobre estadística nacional. aed. oficial aSanto Domingo :bImp. de J. R. Vda García,c1924. a16 p. : ;c26 cm.